| 000 | 00992nam a22002297a 4500 | ||
|---|---|---|---|
| 003 | OSt | ||
| 005 | 20251003175817.0 | ||
| 008 | 240404b ||||| |||| 00| 0 eng d | ||
| 040 | _c0 | ||
| 082 | _aDPer 621.317 Ie21 October 2022 v. 37 n. 10 | ||
| 100 |
_aGao, Shilin. _eauthor. _956055 |
||
| 245 |
_aFast simulation model of voltage source converters with arbitrary topology using switch-state prediction / _cShilin Gao, Yankan Song, Ying Chen, Zhitong Yu, and Rui Zhang. |
||
| 260 |
_aNew York ; _bThe Institute of Electrical and Electronics Engineers, Inc. , _cOctober 2022. |
||
| 300 |
_aVolume 37, pages 12167-12181 : _billustration ; _c28 cm. |
||
| 500 | _aIEEE Transactions on Power Electronics, v. 37, n. 10, pages 12167-12181, October 2022. | ||
| 700 |
_aGao, Shilin. _eauthor. _956055 |
||
| 700 |
_aSong, Yankan. _eauthor. _956056 |
||
| 700 |
_aChen, Ying. _eauthor. _956057 |
||
| 700 |
_aYu, Zhitong. _eauthor. _956058 |
||
| 700 |
_aZhang, Rui. _eauthor. _956059 |
||
| 942 |
_2ddc _cPER |
||
| 999 |
_c20016 _d20016 |
||